000 00833nac a22002777a 4500
001 BR9001597
003 BR-BrBNA
005 20240105121059.0
008 230509b bl.|||m| |||| 00| 0 por d
040 _aBR-BrBNA
_bpor
_cBiblioteca Nacional de Agricultura
072 _aE21
090 _a3735 BR9001597
100 1 _aCaldas Neta, U.
100 1 _aRolim, I.E.F.R.
110 1 _aEscola Superior de Agricultura de Mossoro, RN (Brasil)
_94362
245 1 _aOs 23 titulos da bibliografia do sal na Colecao Mossoroense
260 3 _aMossoro, RN (Brasil):
_c1989.
300 _a9 p.
490 _aColecao Mossoroense. Serie B (Brazil)
_vNo. 648
_x
650 _aSAL
650 _aSALINA
650 _aINDUSTRIA
650 _aRIO GRANDE DO NORTE
909 _a202312
_bLúcia Elande
_c55
_dLúcia Elande
942 _2AGRIS
_n0
_cMS
999 _c283177
_d283177